[Event "MI ECAM Lyon"]
[Site "?"]
[Date "2023.04.10"]
[Round "1.1"]
[White "Bassini, Emile"]
[Black "Roshka, Yevgeniy"]
[Result "1/2-1/2"]
[WhiteElo "2378"]
[BlackElo "2505"]
[PlyCount "92"]
[EventDate "2023.04.11"]
[SourceDate "2023.04.11"]

1. e4 e6 2. d4 d5 3. Nc3 Bb4 4. e5 Qd7 5. h4 b6 6. h5 f5 7. Rh3 Ba6 8. Bxa6
Nxa6 9. a3 Bf8 10. Nge2 c5 11. Nf4 Ne7 12. Nce2 Nc6 13. c4 Nc7 14. cxd5 Nxd5
15. dxc5 Nxf4 16. Qxd7+ Kxd7 17. Bxf4 bxc5 18. O-O-O+ Kc7 19. Bg5 Re8 20. Rhd3
Kb6 21. Rb3+ Kc7 22. Rbd3 Kb6 23. f4 h6 24. Bh4 Be7 25. Bxe7 Rxe7 26. Rb3+ Kc7
27. Rb5 Rd8 28. Rxd8 Nxd8 29. Rxc5+ Kb6 30. Rc3 Rd7 31. Kc2 Nb7 32. b4 a5 33.
bxa5+ Nxa5 34. Rc8 Nb7 35. a4 Nc5 36. Nc3 Nd3 37. g3 Nb4+ 38. Kb3 Nc6 39. Re8
Kc5 40. Nb5 Rd3+ 41. Kb2 Rxg3 42. Rxe6 Nb4 43. Re7 Rg2+ 44. Kb3 Rg3+ 45. Kb2
Rg2+ 46. Kb3 Rg3+ 1/2-1/2

[Event "MI ECAM Lyon"]
[Site "?"]
[Date "2023.04.10"]
[Round "1.2"]
[White "Brailly Vignal, Bastien"]
[Black "Dgebuadze, Alexandre"]
[Result "0-1"]
[WhiteElo "2320"]
[BlackElo "2428"]
[PlyCount "74"]
[EventDate "2023.04.11"]
[SourceDate "2023.04.11"]

1. d4 Nf6 2. c4 e6 3. Nc3 Bb4 4. Qc2 b6 5. a3 Bxc3+ 6. Qxc3 Bb7 7. Bg5 h6 8.
Bh4 g5 9. Bg3 Ne4 10. Qc2 d6 11. f3 Nxg3 12. hxg3 Qf6 13. e3 h5 14. O-O-O Nc6
15. Nh3 O-O-O 16. f4 g4 17. Ng5 Ne7 18. Bd3 Nf5 19. Bxf5 exf5 20. d5 Kb8 21.
Rd3 Bc8 22. Qc3 Qg6 23. b4 Rhe8 24. c5 dxc5 25. bxc5 f6 26. Ne6 Bxe6 27. dxe6
Rxd3 28. Qxd3 Rxe6 29. Qd7 Qg8 30. Rd1 Re8 31. Rd5 Qe6 32. Qxe6 Rxe6 33. cxb6
axb6 34. Rxf5 Rxe3 35. a4 Rxg3 36. Rxh5 Rxg2 37. Kd1 Rf2 0-1

[Event "MI ECAM Lyon"]
[Site "?"]
[Date "2023.04.10"]
[Round "1.3"]
[White "Kuhn, Clement"]
[Black "Martinovici, Ilia"]
[Result "1/2-1/2"]
[WhiteElo "2317"]
[BlackElo "2423"]
[PlyCount "150"]
[EventDate "2023.04.11"]
[SourceDate "2023.04.11"]

1. e4 c5 2. Nf3 e6 3. d4 cxd4 4. Nxd4 a6 5. c4 Nf6 6. Nc3 Qc7 7. a3 b6 8. Be2
Bb7 9. f3 h5 10. Be3 d6 11. Qd2 Nbd7 12. b4 Be7 13. Rc1 Rc8 14. Na4 Qb8 15. Nb3
Bd8 16. c5 dxc5 17. bxc5 b5 18. Nb2 Ne5 19. a4 bxa4 20. Nxa4 Bxe4 21. Nb6 Bxb6
22. cxb6 Rxc1+ 23. Qxc1 Bd5 24. Qa3 Ned7 25. Nc5 Qd6 26. Qxa6 O-O 27. Nxd7 Nxd7
28. O-O Ra8 29. Qb5 Ra3 30. Bf2 Rb3 31. Qa5 Nxb6 32. Rc1 Qf4 33. Re1 Qb4 34.
Qxb4 Rxb4 35. Rc1 Nd7 36. Bd3 f5 37. Rd1 Ne5 38. Bxf5 exf5 39. Rxd5 Rb1+ 40.
Be1 Nc4 41. Rd8+ Kf7 42. Kf2 Rb2+ 43. Kg1 Ne3 44. Bd2 f4 45. g3 Rb1+ 46. Kf2
Rh1 47. gxf4 Nc4 48. Kg2 Rd1 49. Ba5 Rxd8 50. Bxd8 Ke6 51. Bc7 Ne3+ 52. Kg3 Kf5
53. Be5 g6 54. Bd6 Nd5 55. Bb8 Nc3 56. Kf2 Nd5 57. Kg3 Nb4 58. Bd6 Nc6 59. Bc7
Nd4 60. Bb8 Ne2+ 61. Kf2 Nxf4 62. Bxf4 Kxf4 63. Ke2 g5 64. Kf2 h4 65. Ke2 Kf5
66. Kf2 Ke6 67. Ke2 Kd6 68. Kd2 Ke5 69. Ke3 Kd5 70. Kd3 Ke5 71. Ke3 h3 72. Ke2
Kd4 73. Kf2 Kd3 74. Kg3 Ke3 75. Kxh3 Kxf3 1/2-1/2

[Event "MI ECAM Lyon"]
[Site "?"]
[Date "2023.04.10"]
[Round "1.4"]
[White "Roux, Baptiste"]
[Black "Prie, Eric"]
[Result "1-0"]
[WhiteElo "2300"]
[BlackElo "2368"]
[PlyCount "85"]
[EventDate "2023.04.11"]
[SourceDate "2023.04.11"]

1. e4 d5 2. exd5 Qxd5 3. Nc3 Qa5 4. d4 Nf6 5. Bc4 Bg4 6. Nge2 e6 7. Bd2 Qb6 8.
O-O Nbd7 9. h3 Bh5 10. Qe1 O-O-O 11. Nb5 Bd6 12. Ba5 Qa6 13. b3 Kb8 14. Nxc7
Qc6 15. Nb5 Rc8 16. Nxd6 Qxd6 17. Bb4 Qc6 18. Nf4 g5 19. Nd3 Nd5 20. Bd2 Rhg8
21. a4 a6 22. Ne5 Nxe5 23. Qxe5+ Ka8 24. Rfe1 h6 25. Bd3 Bg6 26. Bxg6 Rxg6 27.
c4 Nf6 28. Rad1 Qb6 29. Re3 Nd7 30. Ba5 Qa7 31. Qd6 b6 32. Bc3 Qb7 33. Qe7 Nf8
34. Qxb7+ Kxb7 35. d5 h5 36. Bb4 exd5 37. Re7+ Ka8 38. Rxf7 Ne6 39. cxd5 Nc5
40. d6 Rd8 41. Bxc5 bxc5 42. Rf5 g4 43. Rxh5 1-0

[Event "MI ECAM Lyon"]
[Site "?"]
[Date "2023.04.10"]
[Round "1.5"]
[White "Ernst, Luca"]
[Black "Flear, Glenn"]
[Result "1-0"]
[WhiteElo "2240"]
[BlackElo "2400"]
[PlyCount "77"]
[EventDate "2023.04.11"]
[SourceDate "2023.04.11"]

1. e4 e5 2. Nf3 Nc6 3. Bb5 a6 4. Ba4 Nf6 5. O-O Be7 6. Re1 b5 7. Bb3 d6 8. c3
O-O 9. h3 Na5 10. Bc2 c5 11. d4 Qc7 12. a4 Bd7 13. d5 Rfc8 14. Nbd2 c4 15. Nf1
Nb7 16. Ng3 Nc5 17. Nh4 g6 18. f4 exf4 19. Bxf4 Nxa4 20. Bxa4 bxa4 21. Nf3 Re8
22. Nd4 Bb5 23. Rf1 Bf8 24. Qf3 Nd7 25. Qg4 Ne5 26. Bxe5 Rxe5 27. Nf3 Bd7 28.
Qf4 Re7 29. Ng5 Bh6 30. Qf6 Bxg5 31. Qxg5 Re5 32. Qf6 Rf8 33. Rf3 Qb6+ 34. Kh2
Qxb2 35. Qxd6 Qxa1 36. Qxe5 a3 37. Nh5 gxh5 38. Rg3+ Bg4 39. Qxh5 1-0

[Event "MI ECAM Lyon"]
[Site "?"]
[Date "2023.04.11"]
[Round "2.1"]
[White "Roshka, Yevgeniy"]
[Black "Ernst, Luca"]
[Result "1/2-1/2"]
[WhiteElo "2505"]
[BlackElo "2240"]
[PlyCount "112"]
[EventDate "2023.04.11"]
[SourceDate "2023.04.11"]

1. c4 e5 2. g3 Nf6 3. Bg2 d5 4. cxd5 Nxd5 5. Nf3 Nc6 6. O-O e4 7. Ne1 Bf5 8.
Nc3 Nxc3 9. bxc3 Qd7 10. Rb1 Bc5 11. Rb5 Bb6 12. Qc2 a6 13. Rxf5 Qxf5 14. Bxe4
Qa5 15. d4 O-O-O 16. Bd2 Rhe8 17. Bf3 g6 18. Ng2 Qb5 19. Ne3 Bxd4 20. Bxc6 Qxc6
21. cxd4 Qxc2 22. Nxc2 Rxe2 23. Rd1 f6 24. Kf1 Re6 25. Bb4 b6 26. Ne3 c6 27.
Bc3 Kb7 28. Rb1 Ka7 29. a4 c5 30. dxc5 bxc5 31. Ke2 f5 32. a5 g5 33. Kf3 Rd3
34. Be1 Re4 35. Rb6 c4 36. Rf6 Re5 37. Rc6 Re4 38. Rc5 g4+ 39. Ke2 f4 40. gxf4
Rxf4 41. Nxc4 Rh3 42. Bd2 Rf6 43. Rc7+ Kb8 44. Re7 Rxh2 45. Be3 g3 46. Bd4
Rfxf2+ 47. Bxf2 Rxf2+ 48. Ke3 h5 49. Ne5 h4 50. Rg7 Ra2 51. Kf3 h3 52. Nc6+ Kc8
53. Na7+ Kd8 54. Nc6+ Kc8 55. Ne7+ Kd8 56. Nc6+ Kc8 1/2-1/2

[Event "MI ECAM Lyon"]
[Site "?"]
[Date "2023.04.11"]
[Round "2.1"]
[White "Roux, Baptiste"]
[Black "Kuhn, Clement"]
[Result "1-0"]
[WhiteElo "2300"]
[BlackElo "2317"]
[PlyCount "91"]
[EventDate "2023.04.11"]
[SourceDate "2023.04.11"]

1. e4 c5 2. Nf3 d6 3. d4 cxd4 4. Nxd4 Nf6 5. Nc3 Nc6 6. f3 e5 7. Nb3 Be7 8. Be3
O-O 9. Qd2 a5 10. Bb5 Na7 11. Bxa7 Rxa7 12. O-O-O Qb6 13. a4 Be6 14. Kb1 Rd8
15. Qe2 h5 16. h4 Raa8 17. Nd5 Nxd5 18. exd5 Bd7 19. Bxd7 Rxd7 20. Qb5 Qxb5 21.
axb5 f5 22. Nd2 Rc8 23. c4 g6 24. Kc2 Re8 25. Kd3 Bd8 26. Rde1 Bb6 27. Re2 Rde7
28. Ra1 Bd8 29. g3 b6 30. Kc3 Ra7 31. Kd3 Bf6 32. Kc2 Ree7 33. c5 dxc5 34. Nc4
Rad7 35. Rd1 Re8 36. Nxb6 Rb7 37. Nc4 Rd8 38. b6 Kf7 39. Kb3 Ke7 40. Ka4 Rdb8
41. Kb5 Kd7 42. d6 Ke6 43. Kc6 a4 44. d7 Bd8 45. Rxe5+ Kf6 46. Re8 1-0

[Event "MI ECAM Lyon"]
[Site "?"]
[Date "2023.04.11"]
[Round "2.2"]
[White "Martinovici, Ilia"]
[Black "Bassini, Emile"]
[Result "1/2-1/2"]
[WhiteElo "2423"]
[BlackElo "2373"]
[PlyCount "94"]
[EventDate "2023.04.11"]
[SourceDate "2023.04.11"]

1. d4 Nf6 2. c4 e6 3. Nc3 Bb4 4. e3 O-O 5. Nge2 c6 6. a3 Ba5 7. Ng3 d5 8. Bd3
dxc4 9. Bxc4 Bc7 10. f4 Qe7 11. O-O Rd8 12. Qe2 c5 13. dxc5 Qxc5 14. b4 Qe7 15.
Bb2 a5 16. Nce4 Nbd7 17. Rad1 Nxe4 18. Nxe4 Nb6 19. Rxd8+ Bxd8 20. Bd3 axb4 21.
axb4 f5 22. Ng3 Qxb4 23. Rd1 Nd5 24. Bc4 Bb6 25. Nxf5 Nxf4 26. Nh6+ Kh8 27.
Nf7+ Kg8 28. Nh6+ Kh8 29. Qc2 Nd5 30. Rf1 Bxe3+ 31. Kh1 Bxh6 32. Bxd5 exd5 33.
Qc3 Qe7 34. Ba3 Qe8 35. Rf8+ Qxf8 36. Bxf8 Bf5 37. Ba3 Re8 38. h3 Bf4 39. Bb2
Be5 40. Qe3 Be4 41. Bxe5 Rxe5 42. Qf4 Re8 43. Qf7 Rg8 44. Qxb7 h6 45. Kh2 Rf8
46. Qb6 Kh7 47. g4 Rf6 1/2-1/2

[Event "MI ECAM Lyon"]
[Site "?"]
[Date "2023.04.11"]
[Round "3.1"]
[White "Bassini, Emile"]
[Black "Roux, Baptiste"]
[Result "1-0"]
[WhiteElo "2373"]
[BlackElo "2300"]
[PlyCount "133"]
[EventDate "2023.04.11"]
[SourceDate "2023.04.11"]

1. e4 c5 2. Nf3 Nc6 3. Bc4 e6 4. O-O a6 5. Re1 Be7 6. c3 b5 7. Bf1 d5 8. exd5
Qxd5 9. c4 bxc4 10. Nc3 Qd8 11. Bxc4 Bb7 12. Ne4 Nf6 13. d3 O-O 14. Be3 Qa5 15.
Nfd2 Nxe4 16. Nxe4 Rfd8 17. Qh5 Nd4 18. Bg5 f6 19. Be3 Bd5 20. Bxd4 cxd4 21.
Bxd5 Rxd5 22. Qe2 e5 23. Nd2 Qb5 24. Nc4 Rc8 25. Rac1 Bb4 26. Red1 Re8 27. Qf3
Rd7 28. h4 Rc7 29. Qe2 f5 30. b3 Re6 31. Qf3 g6 32. Na3 Qd7 33. Qa8+ Kg7 34.
Rxc7 Qxc7 35. Nc4 e4 36. Qd5 Qe7 37. Qxd4+ Kg8 38. dxe4 Rxe4 39. Qd5+ Kg7 40.
g3 Bc5 41. Qd7 Re1+ 42. Kg2 Rxd1 43. Qxd1 f4 44. gxf4 Qxh4 45. Qf3 Bd4 46. Nd6
Kf6 47. Ne4+ Kg7 48. Ng5 Kh6 49. Nf7+ Kg7 50. Nd6 Kh6 51. Nf7+ Kg7 52. Ng5 Kh6
53. b4 Bb6 54. a4 Bd4 55. b5 axb5 56. axb5 Bb6 57. Nf7+ Kg7 58. Ng5 Kh6 59.
Nf7+ Kg7 60. Ne5 Kh6 61. Qg3 Qh5 62. Ng4+ Kg7 63. Qc3+ Kf7 64. Qf6+ Ke8 65.
Qe6+ Kf8 66. Ne5 Kg7 67. Qf7+ 1-0

[Event "MI ECAM Lyon"]
[Site "?"]
[Date "2023.04.11"]
[Round "3.2"]
[White "Ernst, Luca"]
[Black "Martinovici, Ilia"]
[Result "0-1"]
[WhiteElo "2240"]
[BlackElo "2423"]
[PlyCount "62"]
[EventDate "2023.04.11"]
[SourceDate "2023.04.11"]

1. e4 e6 2. d4 b6 3. Nf3 Bb7 4. Bd3 d6 5. O-O Nd7 6. Re1 Ngf6 7. c4 Be7 8. Nc3
e5 9. Nd5 O-O 10. Nxe7+ Qxe7 11. Nh4 exd4 12. Nf5 Qe5 13. f4 Qe8 14. e5 dxe5
15. fxe5 Nxe5 16. Bf4 Nfg4 17. Bxe5 Nxe5 18. Qh5 g6 19. Qh6 gxf5 20. Qg5+ Ng6
21. Rxe8 Raxe8 22. h4 Re3 23. Qxf5 Bxg2 24. h5 Bb7 25. Kh2 Rf3 26. Qg5 Rxd3 27.
Rf1 Re8 28. Rf2 Rd1 29. hxg6 Rh1+ 30. Kg3 Rg1+ 31. Kh4 Re4+ 0-1

[Event "MI ECAM Lyon"]
[Site "?"]
[Date "2023.04.11"]
[Round "3.4"]
[White "Brailly Vignal, Bastien"]
[Black "Roshka, Yevgeniy"]
[Result "0-1"]
[WhiteElo "2320"]
[BlackElo "2505"]
[PlyCount "76"]
[EventDate "2023.04.11"]
[SourceDate "2023.04.11"]

1. d4 g6 2. c4 Bg7 3. Nf3 d6 4. g3 e5 5. Nc3 Nc6 6. d5 Nce7 7. Bg2 h6 8. O-O f5
9. e4 Nf6 10. exf5 Nxf5 11. Ne1 O-O 12. Nd3 Nd4 13. f3 c5 14. dxc6 bxc6 15. c5
Ba6 16. Re1 e4 17. Nxe4 Nxe4 18. fxe4 dxc5 19. Kh1 Qb6 20. Nf4 Rad8 21. e5 g5
22. Ng6 Rf2 23. Qh5 Re8 24. Be3 Rxg2 25. Bxd4 cxd4 26. Nf4 Rxh2+ 27. Kxh2 Re7
28. Ng2 c5 29. b3 Bxe5 30. Qf3 Bb7 31. Qf5 Qc6 32. Rg1 Bc8 33. Qd3 Ba6 34. Qf5
Qd6 35. Kh1 Bxg3 36. Rac1 Rf7 37. Qe4 Bb7 38. Qg4 Rf4 0-1

[Event "MI ECAM Lyon"]
[Site "?"]
[Date "2023.04.11"]
[Round "3.5"]
[White "Kuhn, Clement"]
[Black "Prie, Eric"]
[Result "1/2-1/2"]
[WhiteElo "2317"]
[BlackElo "2368"]
[PlyCount "100"]
[EventDate "2023.04.11"]
[SourceDate "2023.04.11"]

1. e4 d5 2. exd5 Qxd5 3. Nc3 Qa5 4. d4 Nf6 5. Nf3 Bf5 6. Bd2 c6 7. Bc4 Nbd7 8.
Qe2 Qc7 9. O-O e6 10. d5 cxd5 11. Nxd5 Nxd5 12. Bxd5 O-O-O 13. Be4 Bxe4 14.
Qxe4 Nc5 15. Qe2 Bd6 16. Kh1 Kb8 17. a4 Bf4 18. Bc3 f6 19. a5 Rhe8 20. Ra3 e5
21. b4 Ne6 22. a6 b6 23. Qe4 g6 24. Rfa1 f5 25. Qb7+ Qxb7 26. axb7 e4 27. Ne5
Bxe5 28. Bxe5+ Kxb7 29. Rxa7+ Kc6 30. c4 Rd2 31. Rxh7 Rc2 32. Rh6 Rxc4 33. Rxg6
Kd5 34. Bf6 Nf4 35. Rg5 Ke6 36. Bg7 Ra8 37. Rf1 Nd3 38. g3 Ra2 39. Kg1 e3 40.
fxe3 Rcc2 41. Rh5 Rg2+ 42. Kh1 Rge2 43. Kg1 Rg2+ 44. Kh1 Rge2 45. Rh6+ Kd7 46.
Bd4 b5 47. Kg1 Rg2+ 48. Kh1 Rge2 49. Kg1 Rg2+ 50. Kh1 Rge2 1/2-1/2

[Event "MI ECAM Lyon"]
[Site "?"]
[Date "2023.04.12"]
[Round "4.2"]
[White "Roux, Baptiste"]
[Black "Ernst, Luca"]
[Result "0-1"]
[WhiteElo "2300"]
[BlackElo "2240"]
[PlyCount "116"]
[EventDate "2023.04.11"]
[SourceDate "2023.04.11"]

1. e4 c5 2. Nf3 e6 3. d4 cxd4 4. Nxd4 Nf6 5. Bd3 Nc6 6. Nxc6 bxc6 7. O-O d5 8.
Nd2 Qc7 9. Qe2 Bd6 10. h3 O-O 11. c4 dxe4 12. Nxe4 Nxe4 13. Bxe4 f5 14. Bc2 e5
15. c5 Be7 16. Qc4+ Kh8 17. Bd2 a5 18. Rfe1 e4 19. Bc3 Ba6 20. Qd4 Bf6 21. Qe3
Rae8 22. Bxf6 Rxf6 23. Qc3 Rfe6 24. Rad1 f4 25. Rd6 e3 26. Rxe6 Rxe6 27. fxe3
f3 28. Qd4 Rf6 29. Kf2 fxg2+ 30. Kxg2 Bc8 31. Rd1 Bxh3+ 32. Kh1 Qf7 33. Qd8+
Qf8 34. Qxf8+ Rxf8 35. Be4 g5 36. Bxc6 Rf2 37. Be4 Rxb2 38. a4 Rb3 39. Rd3 Rxd3
40. Bxd3 Kg7 41. Ba6 Bd7 42. Bb7 Bxa4 43. c6 Kf6 44. c7 Bd7 45. c8=Q Bxc8 46.
Bxc8 a4 47. Ba6 g4 48. Kg2 h5 49. Bd3 h4 50. Kf2 a3 51. Bb1 Ke5 52. Ke2 h3 53.
Kf2 h2 54. Kg2 g3 55. Kh1 Kd5 56. Bg6 Kc4 57. Bb1 Kc3 58. e4 Kb2 0-1

[Event "MI ECAM Lyon"]
[Site "?"]
[Date "2023.04.13"]
[Round "4.3"]
[White "Flear, Glenn"]
[Black "Roshka, Yevgeniy"]
[Result "0-1"]
[WhiteElo "2400"]
[BlackElo "2505"]
[PlyCount "104"]
[EventDate "2023.04.11"]
[SourceDate "2023.04.11"]

1. d4 g6 2. e4 Bg7 3. c4 d6 4. Nc3 e5 5. dxe5 dxe5 6. Qxd8+ Kxd8 7. f4 Nc6 8.
Nf3 Be6 9. fxe5 Nxe5 10. Bg5+ f6 11. O-O-O+ Ke8 12. Bh4 c6 13. Nxe5 fxe5 14.
Rd6 Kf7 15. Be2 Bf6 16. Bg3 Ke7 17. Rhd1 Nh6 18. Na4 Bg5+ 19. Kc2 Nf7 20. R6d3
b6 21. b3 h5 22. h3 h4 23. Be1 Rad8 24. Nb2 c5 25. Bc3 Bf6 26. Rxd8 Nxd8 27.
Nd3 Nc6 28. Nf2 Bg5 29. Ng4 Bf4 30. Rd3 Rf8 31. Bf3 Nd4+ 32. Bxd4 cxd4 33. Nf2
Be3 34. Nd1 Rxf3 35. gxf3 Bxh3 36. Rxe3 dxe3 37. Nxe3 Bg2 38. Kd3 Bxf3 39. Nd5+
Kd6 40. Ke3 Bd1 41. b4 h3 42. Kf2 Bc2 43. Nc3 g5 44. Kg3 g4 45. Nb5+ Kd7 46.
Nxa7 Bxe4 47. Nb5 Bd3 48. Nc3 Bxc4 49. a4 Kc6 50. a5 bxa5 51. bxa5 Bd5 52. a6
Bf3 0-1

[Event "MI ECAM Lyon"]
[Site "?"]
[Date "2023.04.12"]
[Round "4.3"]
[White "Kuhn, Clement"]
[Black "Bassini, Emile"]
[Result "0-1"]
[WhiteElo "2317"]
[BlackElo "2373"]
[PlyCount "62"]
[EventDate "2023.04.11"]
[SourceDate "2023.04.11"]

1. e4 e5 2. Nf3 Nc6 3. d4 exd4 4. Bc4 Nf6 5. e5 Ne4 6. O-O Be7 7. Re1 d5 8.
exd6 Nxd6 9. Bd5 O-O 10. Bxc6 bxc6 11. Nxd4 Bd7 12. Qf3 Bf6 13. Nxc6 Re8 14.
Rf1 Qc8 15. Nd2 a5 16. c3 Qa6 17. Nd4 Bxd4 18. cxd4 Bb5 19. Qd1 Be2 20. Qe1 Bh5
21. Ne4 Rxe4 22. Qc3 Qc4 23. Qg3 Nf5 24. Qg5 Bg6 25. b3 Qxd4 26. Ba3 Rg4 27.
Qc1 Rxg2+ 28. Kxg2 Qg4+ 29. Kh1 Qf3+ 30. Kg1 Nh4 31. Qg5 Be4 0-1

[Event "MI ECAM Lyon"]
[Site "?"]
[Date "2023.04.12"]
[Round "4.4"]
[White "Martinovici, Ilia"]
[Black "Brailly Vignal, Bastien"]
[Result "1-0"]
[WhiteElo "2320"]
[BlackElo "2423"]
[PlyCount "95"]
[EventDate "2023.04.11"]
[SourceDate "2023.04.11"]

1. d4 Nf6 2. c4 e6 3. Nc3 Bb4 4. Qc2 O-O 5. a3 Bxc3+ 6. Qxc3 b6 7. Bg5 Bb7 8.
f3 d6 9. e3 Nbd7 10. Ne2 h6 11. Bh4 c5 12. Rd1 Qc8 13. Qd2 Ba6 14. Nc3 cxd4 15.
Qxd4 e5 16. Qd3 Re8 17. e4 Re6 18. Be2 Qf8 19. Bf2 Rc8 20. b3 Nc5 21. Qc2 Ree8
22. O-O Ne6 23. Rfe1 Nf4 24. Bf1 g5 25. Qd2 Rcd8 26. a4 Qg7 27. h3 Kh8 28. a5
bxa5 29. Ra1 h5 30. g3 Ne6 31. Rxa5 Bc8 32. Rxa7 g4 33. fxg4 Ng5 34. Bg2 hxg4
35. h4 Nf3+ 36. Bxf3 gxf3 37. Qg5 Rg8 38. Be3 Nh7 39. Qxg7+ Rxg7 40. Kf2 Rdg8
41. Rg1 Bg4 42. Nb5 Rb8 43. Nxd6 Rxb3 44. Ra8+ Rg8 45. Nxf7+ Kg7 46. Rxg8+ Kxf7
47. Rxg4 Nf6 48. Rg5 1-0

[Event "MI ECAM Lyon"]
[Site "?"]
[Date "2023.04.13"]
[Round "5.4"]
[White "Ernst, Luca"]
[Black "Kuhn, Clement"]
[Result "1-0"]
[WhiteElo "2240"]
[BlackElo "2317"]
[PlyCount "91"]
[EventDate "2023.04.11"]
[SourceDate "2023.04.11"]

1. e4 e6 2. d4 d5 3. Nd2 Nf6 4. e5 Nfd7 5. c3 c5 6. f4 Nc6 7. Ndf3 cxd4 8. cxd4
f5 9. Bd3 Be7 10. Ne2 O-O 11. Bd2 Nb6 12. O-O Nc4 13. Qc1 Nb6 14. h3 Bd7 15. b3
a5 16. a3 a4 17. b4 Na7 18. Nc3 Rc8 19. Qe1 Qe8 20. g4 g6 21. gxf5 gxf5 22. Kh2
Kh8 23. Rg1 h6 24. Qe2 Qf7 25. Rac1 Nc4 26. Bxc4 Rxc4 27. Rg3 Rcc8 28. Rcg1 Rg8
29. Qd1 Rxg3 30. Rxg3 Qe8 31. Qg1 Qf7 32. Qd1 b5 33. Ne1 Rc4 34. Nd3 Rxd4 35.
Qg1 Nc6 36. Nxb5 Rc4 37. Nd6 Bxd6 38. exd6 Rc2 39. Qd1 Ra2 40. b5 Nd4 41. Ne5
Qe8 42. Kh1 Nxb5 43. Rg6 d4 44. Qh5 Bc6+ 45. Kg1 Ra1+ 46. Kf2 1-0

[Event "MI ECAM Lyon"]
[Site "?"]
[Date "2023.04.13"]
[Round "5.5"]
[White "Brailly Vignal, Bastien"]
[Black "Roux, Baptiste"]
[Result "1/2-1/2"]
[WhiteElo "2320"]
[BlackElo "2300"]
[PlyCount "111"]
[EventDate "2023.04.11"]
[SourceDate "2023.04.11"]

1. d4 d5 2. c4 c6 3. Nc3 Nf6 4. e3 e6 5. Nf3 Nbd7 6. Qc2 Bd6 7. Bd3 dxc4 8.
Bxc4 b5 9. Bd3 Bb7 10. O-O O-O 11. Ng5 h6 12. Nge4 Be7 13. Rd1 a6 14. Qe2 Qc7
15. Bb1 c5 16. Ng3 Rfd8 17. a4 b4 18. Nce4 Rac8 19. b3 cxd4 20. exd4 Nxe4 21.
Bxe4 Nf6 22. Bf4 Qxf4 23. Bxb7 Rc3 24. d5 Qc7 25. Bxa6 exd5 26. Rd3 Bd6 27.
Rad1 Re8 28. Qf3 Ne4 29. Re1 Bxg3 30. hxg3 Qb6 31. Bb5 Re6 32. Qe3 Qd6 33. Qd4
Rxd3 34. Bxd3 Nc5 35. Rc1 Nxd3 36. Qxd3 Re8 37. Qd4 Re4 38. Qd3 g6 39. Rd1 Re5
40. Qd4 Kh7 41. a5 Re2 42. Ra1 Re4 43. Qd1 Re7 44. Qd4 Re4 45. Qd2 Re7 46. Rd1
Qc5 47. a6 Ra7 48. Qd3 Qa5 49. Qxd5 Qxa6 50. Qc5 Qe2 51. Rf1 Rb7 52. Qd5 Re7
53. Qd4 Qe4 54. Qxe4 Rxe4 55. Rd1 Kg7 56. Kf1 1/2-1/2

[Event "MI ECAM Lyon"]
[Site "?"]
[Date "2023.04.13"]
[Round "6.1"]
[White "Bassini, Emile"]
[Black "Ernst, Luca"]
[Result "1-0"]
[WhiteElo "2373"]
[BlackElo "2240"]
[PlyCount "145"]
[EventDate "2023.04.11"]
[SourceDate "2023.04.11"]
[TimeControl "1/40:0"]

1. e4 c5 2. Nf3 e6 3. d4 cxd4 4. Nxd4 Nf6 5. Nc3 Nc6 6. Ndb5 Bc5 7. Bf4 O-O 8.
Bc7 Qe7 9. Bd6 Bxd6 10. Qxd6 Qd8 11. O-O-O a6 12. Nd4 Ne7 13. h4 b5 14. h5 Ne8
15. Qh2 b4 16. h6 g6 17. Nce2 Bb7 18. f3 d6 19. e5 Nd5 20. exd6 Rc8 21. Kb1
Qxd6 22. Qxd6 Nxd6 23. Ng3 Rfd8 24. Re1 a5 25. Rh4 Nb6 26. Bd3 Bd5 27. b3 Nd7
28. Nf1 Nc5 29. Ne3 Nxd3 30. cxd3 Nb7 31. Ndc2 Rc3 32. Rd4 Rc5 33. Nc4 Bxc4 34.
Rxd8+ Nxd8 35. dxc4 Kf8 36. Nd4 Ke7 37. g4 f6 38. a3 Re5 39. Rd1 Re3 40. axb4
e5 41. Nc2 Rxb3+ 42. Ka2 Rc3 43. Kb2 Rxc4 44. bxa5 Ra4 45. Ra1 Rxa1 46. Kxa1
Kd6 47. a6 Ne6 48. a7 Nc7 49. Ne3 Kc6 50. g5 fxg5 51. Ng4 e4 52. fxe4 Kb7 53.
Nf6 g4 54. Nxh7 Ne6 55. Nf6 Ng5 56. h7 Nxh7 57. Nxh7 g3 58. Ng5 g2 59. Nf3 Kxa7
60. Kb2 Kb6 61. Kc3 Kc5 62. Kd3 g5 63. Ng1 Kd6 64. Kd4 g4 65. e5+ Ke7 66. Kd5
Kd7 67. e6+ Ke7 68. Ke5 g3 69. Ne2 Kf8 70. Kd6 Ke8 71. e7 g1=Q 72. Nxg1 g2 73.
Ne2 1-0

[Event "MI ECAM Lyon"]
[Site "?"]
[Date "2023.04.13"]
[Round "6.2"]
[White "Prie, Eric"]
[Black "Roshka, Yevgeniy"]
[Result "0-1"]
[WhiteElo "2368"]
[BlackElo "2505"]
[PlyCount "72"]
[EventDate "2023.04.11"]
[SourceDate "2023.04.11"]

1. d4 g6 2. e4 Bg7 3. Nc3 d6 4. Be3 a6 5. h4 h6 6. Qd2 b5 7. O-O-O Bb7 8. f3
Nd7 9. Kb1 Rc8 10. g3 Nb6 11. b3 Nf6 12. Bh3 Nfd7 13. Nce2 c5 14. Nc1 b4 15.
Nge2 Qc7 16. Rhf1 a5 17. Rf2 a4 18. Nd3 Ra8 19. Rff1 Ba6 20. Rfe1 Qa7 21. Ndc1
c4 22. Qxb4 cxb3 23. cxb3 axb3 24. axb3 O-O 25. Nc3 Rfb8 26. N3a2 Nc4 27. Qc3
Nc5 28. Nb4 Na4 29. bxa4 Rxb4+ 30. Qxb4 Rb8 31. Qb3 Rxb3+ 32. Nxb3 Qb6 33. Kc2
Qc6 34. Bc1 Ne3+ 35. Kd2 Nxd1 36. Rxd1 Qxa4 0-1

[Event "MI ECAM Lyon"]
[Site "?"]
[Date "2023.04.13"]
[Round "6.3"]
[White "Martinovici, Ilia"]
[Black "Flear, Glenn"]
[Result "1/2-1/2"]
[WhiteElo "2423"]
[BlackElo "2400"]
[PlyCount "83"]
[EventDate "2023.04.11"]
[SourceDate "2023.04.11"]

1. d4 d5 2. c4 e6 3. Nc3 Nf6 4. cxd5 exd5 5. Bg5 Be7 6. e3 c6 7. Bd3 Nbd7 8.
Nge2 h6 9. Bh4 Nh5 10. Bxe7 Qxe7 11. Qc2 Nb6 12. h3 g6 13. O-O-O Bd7 14. Kb1
O-O-O 15. Nc1 Kb8 16. Nb3 Ng7 17. Rhe1 Bf5 18. f3 Bxd3 19. Qxd3 Rhe8 20. e4 Qg5
21. g4 Ne6 22. Rf1 Ka8 23. f4 Nxf4 24. Qg3 Nh5 25. Qh2 Nf6 26. e5 Nfd7 27. Rxf7
Qe3 28. Rff1 Nf8 29. h4 Ne6 30. Rf6 Nc4 31. Qc2 c5 32. Nxd5 Rxd5 33. Qxc4 Qe4+
34. Qc2 Qxg4 35. Rxg6 Qxh4 36. dxc5 Rxd1+ 37. Qxd1 Qe4+ 38. Qc2 Qe1+ 39. Nc1
Nd4 40. Qd3 Qxe5 41. Rd6 Nc6 42. Rxh6 1/2-1/2

[Event "MI ECAM Lyon"]
[Site "?"]
[Date "2023.04.13"]
[Round "6.4"]
[White "Roux, Baptiste"]
[Black "Dgebuadze, Alexandre"]
[Result "0-1"]
[WhiteElo "2300"]
[BlackElo "2428"]
[PlyCount "82"]
[EventDate "2023.04.11"]
[SourceDate "2023.04.11"]

1. e4 e6 2. d4 d5 3. exd5 exd5 4. Nf3 Nc6 5. Bb5 Nge7 6. O-O a6 7. Be2 g6 8. c3
Bg7 9. Re1 O-O 10. Nbd2 Qd6 11. b4 Re8 12. a4 Qd8 13. Nb3 Nf5 14. Bd3 Nce7 15.
Bf4 Nd6 16. h3 Bf5 17. Nc5 Qc8 18. Bxf5 Nexf5 19. Rxe8+ Nxe8 20. a5 b6 21. Nd3
Nfd6 22. Nd2 Nb5 23. Qc2 Qf5 24. g4 Qc8 25. Re1 Ned6 26. f3 Qb7 27. Qb3 Qc6 28.
Nb1 Nc4 29. axb6 cxb6 30. Kg2 Re8 31. Qd1 Re6 32. Bg3 Ne3+ 33. Rxe3 Rxe3 34.
Qd2 Re8 35. Be5 f6 36. Bg3 Qc4 37. Nc1 a5 38. bxa5 bxa5 39. Kf2 a4 40. Qb2 Bf8
41. Na2 a3 0-1

[Event "MI ECAM Lyon"]
[Site "?"]
[Date "2023.04.14"]
[Round "6.5"]
[White "Kuhn, Clement"]
[Black "Brailly Vignal, Bastien"]
[Result "0-1"]
[WhiteElo "2317"]
[BlackElo "2320"]
[PlyCount "204"]
[EventDate "2023.04.11"]
[SourceDate "2023.04.11"]

1. e4 c5 2. Nf3 d6 3. Bb5+ Nd7 4. c3 Ngf6 5. Bd3 g6 6. O-O Bg7 7. Bc2 a6 8. d4
e5 9. dxe5 dxe5 10. c4 O-O 11. Nc3 h6 12. Qe2 Nh5 13. Nd5 Nb6 14. Be3 Nxd5 15.
cxd5 b6 16. h3 Ra7 17. Rad1 Qf6 18. Nd2 Nf4 19. Qf3 a5 20. b3 a4 21. Rfe1 Kh7
22. bxa4 Bd7 23. Bb3 g5 24. Bxf4 gxf4 25. Nb1 Rc8 26. Nc3 c4 27. Bc2 Bf8 28. d6
Qg5 29. Nd5 Rc6 30. Ne7 Bxe7 31. dxe7 Qxe7 32. Rd5 Rg6 33. Red1 Rc7 34. Kh2 Bc8
35. R5d2 Qh4 36. Rg1 Bg4 37. Qc3 f6 38. Bd1 h5 39. Be2 Rcg7 40. Bf1 Be6 41. Rc2
Qg5 42. Qf3 f5 43. Rxc4 Bxc4 44. Bxc4 fxe4 45. Qxe4 Kh6 46. Bd5 Rd6 47. Rd1
Rgd7 48. Rd3 Qd8 49. Qxe5 Rxd5 50. Qxf4+ Qg5 51. Qf8+ Kh7 52. Rg3 Qd8 53. Qf4
Qe8 54. Qf6 Qf7 55. Qxb6 Qf5 56. Qb8 Rg7 57. Rxg7+ Kxg7 58. Qc7+ Rd7 59. Qc3+
Kh7 60. Qe3 Rf7 61. Kg1 Qf4 62. Qe2 Kh6 63. Qb2 Rf6 64. g3 Qf5 65. h4 Kg6 66.
Qd2 Kh7 67. Qb2 Re6 68. Qb7+ Kg6 69. Qb4 Rc6 70. Qe1 Kf7 71. Qe3 Qc5 72. Qe4
Re6 73. Qh7+ Kf8 74. Qh8+ Ke7 75. Qg7+ Kd8 76. Qh8+ Kc7 77. Qg7+ Re7 78. Qb2
Re1+ 79. Kh2 Rc1 80. Qg7+ Kb6 81. Qb2+ Ka5 82. Qd2+ Kxa4 83. Qf4+ Ka3 84. Qf3+
Kb2 85. a4 Rc2 86. Qf6+ Kb3 87. Kg2 Kxa4 88. Qa6+ Kb3 89. Qb7+ Ka2 90. Qa8+ Kb1
91. Qb7+ Kc1 92. Qf3 Qc6 93. Qxc6 Rxc6 94. g4 hxg4 95. Kg3 Rc4 96. h5 Kd2 97.
h6 Rc6 98. Kxg4 Rxh6 99. Kf5 Kd3 100. f4 Kd4 101. Kg5 Ra6 102. Kf5 Ra5+ 0-1